[Event "Recife Arraes Memorial 6th"]
[Site "Recife"]
[Date "2013.06.09"]
[Round "7"]
[White "Passos Coutinho, Eduardo"]
[Black "Wellington, Francisco"]
[Result "1/2-1/2"]
[WhiteElo "1826"]
[BlackElo "1827"]
[PlyCount "77"]
[EventDate "2013.06.06"]
[EventType "swiss"]
[EventRounds "7"]
[EventCountry "BRA"]
[SourceTitle "EXT 2014"]
[Source "ChessBase"]
[SourceDate "2013.11.20"]
[SourceVersion "1"]
[SourceVersionDate "2013.11.20"]
[SourceQuality "1"]

1. Nf3 d5 2. g3 c5 3. Bg2 g6 4. 0-0 Nc6 5. d4 cxd4 6. Nxd4 Bg7 7. c3 Nf6 8. Nd2 0-0 9. N2f3 Ne4 10. Qc2 e5 11. Nxc6 bxc6 12. Rd1 Bf5 13. Qa4 Qb6 14. e3 Bf6 15. Nd2 Nc5 16. Qb4 Rfb8 17. Qxb6 Rxb6 18. f3 Bc2 19. Rf1 Nd3 20. e4 Nxc1 21. Raxc1 Rxb2 22. exd5 cxd5 23. Rf2 Bd3 24. Ne4 Rxf2 25. Nxf6+ Kg7 26. Nh5+ Kh6 27. Kxf2 Kxh5 28. Bf1 Bxf1 29. Kxf1 Rc8 30. Ke2 Rc5 31. Kd3 Ra5 32. Rc2 Ra3 33. Ke2 f5 34. h3 e4 35. fxe4 fxe4 36. Ke3 Kg5 37. Kd4 Ra5 38. Rf2 h5 39. Ke3 1/2-1/2

[Event "Recife Arraes Memorial 6th"]
[Site "Recife"]
[Date "2013.06.08"]
[Round "4"]
[White "De Santana, Joel Mendes"]
[Black "Wellington, Francisco"]
[Result "1-0"]
[WhiteElo "2009"]
[BlackElo "1827"]
[PlyCount "79"]
[EventDate "2013.06.06"]
[EventType "swiss"]
[EventRounds "7"]
[EventCountry "BRA"]
[SourceTitle "EXT 2014"]
[Source "ChessBase"]
[SourceDate "2013.11.20"]
[SourceVersion "1"]
[SourceVersionDate "2013.11.20"]
[SourceQuality "1"]

1. d4 Nf6 2. c4 e6 3. Nc3 d5 4. cxd5 exd5 5. Bg5 Be7 6. Qc2 0-0 7. e3 h6 8. Bh4 Be6 9. Bd3 Nbd7 10. Nge2 c6 11. 0-0 Nh5 12. Bxe7 Qxe7 13. Rab1 f5 14. b4 f4 15. Bg6 Ndf6 16. exf4 Qd6 17. Qd2 Bf7 18. Bc2 Rfe8 19. f3 Nd7 20. g4 Nhf6 21. Ng3 g6 22. g5 hxg5 23. f5 Qf4 24. Qf2 Kg7 25. Rbe1 Nb6 26. fxg6 Bxg6 27. Bxg6 Kxg6 28. Qc2+ Kf7 29. Nce2 Qe3+ 30. Kg2 Nc4 31. Nf5 Qd2 32. Nd6+ Kg7 33. Nxe8+ Rxe8 34. Qxd2 Nxd2 35. Rg1 Nh5 36. Kf2 Kf6 37. Ng3 Rxe1 38. Nxh5+ Kg6 39. Rxe1 Kxh5 40. Re7 1-0

[Event "Recife Arraes Memorial 6th"]
[Site "Recife"]
[Date "2013.06.07"]
[Round "2"]
[White "Rocha, Vitor Firmo de Souz"]
[Black "Wellington, Francisco"]
[Result "1-0"]
[WhiteElo "2022"]
[BlackElo "1827"]
[PlyCount "118"]
[EventDate "2013.06.06"]
[EventType "swiss"]
[EventRounds "7"]
[EventCountry "BRA"]
[SourceTitle "EXT 2014"]
[Source "ChessBase"]
[SourceDate "2013.11.20"]
[SourceVersion "1"]
[SourceVersionDate "2013.11.20"]
[SourceQuality "1"]

1. f4 d5 2. Nf3 c5 3. g3 g6 4. Bg2 Nc6 5. 0-0 Bg7 6. d3 Nf6 7. Nc3 d4 8. Na4 Qd6 9. c4 0-0 10. Bd2 Bd7 11. a3 Rae8 12. b4 b6 13. Rb1 Ng4 14. b5 Nd8 15. Nb2 e5 16. fxe5 Bxe5 17. Qc1 Ne3 18. Bxe3 dxe3 19. Nxe5 Qxe5 20. Rf4 Qg5 21. Bd5 Ne6 22. Bxe6 Rxe6 23. Qf1 Qe5 24. Nd1 f5 25. g4 Ref6 26. g5 Rd6 27. Qf3 Rd4 28. Rxd4 cxd4 29. Qd5+ Qxd5 30. cxd5 Rc8 31. Kg2 Rc5 32. Rb4 Rxd5 33. a4 Kf7 34. Rc4 Ke7 35. Rc7 Rc5 36. Rxa7 Rc2 37. Kf1 f4 38. a5 bxa5 39. b6 Kd6 40. b7 Bh3+ 41. Ke1 Kc7 42. Rxa5 Kxb7 43. Rb5+ Kc6 44. Rb2 Rc1 45. Rb4 Kc5 46. Rb7 Kc6 47. Rb4 Bg4 48. Rxd4 f3 49. exf3 Bxf3 50. Rc4+ Rxc4 51. dxc4 Bxd1 52. Kxd1 Kc5 53. Ke2 Kxc4 54. Kxe3 Kd5 55. h3 Ke5 56. Kf3 Kd4 57. Kf4 Kd5 58. Ke3 Ke5 59. Kf3 Kd4 1-0

[Event "BNB-ch 15th"]
[Site "Brazil"]
[Date "2000.06.30"]
[Round "3"]
[White "Wellington, Francisco"]
[Black "Montenegro, Quintino"]
[Result "1-0"]
[WhiteElo "1904"]
[BlackElo "1967"]
[PlyCount "89"]
[EventDate "2000.??.??"]
[EventType "swiss"]
[EventRounds "7"]
[EventCountry "BRA"]
[SourceTitle "EXT 2003"]
[Source "ChessBase"]
[SourceDate "2002.11.25"]
[SourceVersion "1"]
[SourceVersionDate "2002.11.25"]
[SourceQuality "1"]

1. e4 c5 2. b4 cxb4 3. a3 d5 4. exd5 Qxd5 5. Nf3 Bg4 6. axb4 Bxf3 7. Qxf3 Qxf3 8. gxf3 e6 9. Bb5+ Kd8 10. Bb2 f6 11. Rg1 Ne7 12. c4 Nf5 13. c5 Nc6 14. Bxc6 bxc6 15. d4 Kc7 16. Nd2 Be7 17. Ke2 Rhb8 18. Bc3 Bf8 19. Ra6 Ne7 20. Rga1 Rb7 21. Kd3 Nd5 22. Kc4 Kd7 23. Nb3 Nc7 24. Rxc6 Rxb4+ 25. Bxb4 Kxc6 26. Na5+ Kd7 27. c6+ Ke8 28. Bxf8 Kxf8 29. Kc5 Rd8 30. Nb3 Rd5+ 31. Kc4 a6 32. Ra5 Rd6 33. Kc5 Ke7 34. Kb6 Kd8 35. Kb7 g5 36. Rc5 h5 37. f4 Rd5 38. fxg5 Rxc5 39. Nxc5 fxg5 40. Kb8 Nd5 41. Nxa6 Ke7 42. c7 Nxc7 43. Kxc7 g4 44. Nc5 h4 45. Nxe6 1-0